Lanean...
Journal of Portfolio Management 36(1-3)
| Egile nagusia: | |
|---|---|
| Hizkuntza: | English |
| Argitaratua: |
NewYork
Institutional Investor
2009-10
|
| LEADER | 00536nam a22001457a 4500 | ||
|---|---|---|---|
| 005 | 20151215130411.0 | ||
| 008 | 120607t xxu||||| |||| 00| 0 eng d | ||
| 082 | |a 332.63205 |b JPM | ||
| 100 | |a Fabozzi, Frank J. |e ed. |9 22955 | ||
| 245 | |a Journal of Portfolio Management |b 36(1-3) | ||
| 260 | |a NewYork |b Institutional Investor |c 2009-10 | ||
| 500 | |a Bound Volume 36(1-3) | ||
| 942 | |c BV |6 _ | ||
| 999 | |c 116231 |d 116231 | ||
| 952 | |0 0 |1 0 |2 ddc |3 Bound Volu |4 0 |6 33263205_JPM |7 0 |9 150465 |a SMS |b SMS |c REF |d 2012-06-07 |o 332.63205 JPM |p SMS024739 |r 2012-06-07 |w 2012-06-07 |y BV | ||